[Event "35.C.to Italiano"]
[Site "Castelvecchio Pascoli - Barga"]
[Date "1974.10.13"]
[Round "11"]
[White "Zichichi, Alvise"]
[Black "Tatai, Stefano"]
[Result "1/2-1/2"]
[WhiteElo "2355"]
[BlackElo "2430"]
[Annotator "Gabriele Ballarin"]
[PlyCount "48"]
[EventDate "1974.10.01"]
[EventType "tourn"]
[EventRounds "13"]
[EventCountry "ITA"]
[EventCategory "3"]

1. e4 c5 2. Nf3 d6 3. Bb5+ Nd7 4. a4 Ngf6 5. Qe2 a6 6. Bc4 e6 7. Nc3 Be7 8. O-O O-O 9. Bb3 Qc7 10. a5 Nb8 11. e5 dxe5 12. Nxe5 Bd7 13. Nxd7 Nbxd7 14. d3 Nb8 15. Ne4 Nc6 16. Qe1 Ng4 17. f4 Nd4 18. Ba4 Rad8 19. c3 Nc6 20. Bc2 Nxa5 21. Qe2 Nf6 22. Ng5 Nc6 23. Rf3 g6 24. Rh3 Bd6 1/2-1/2

[Event "35.C.to Italiano"]
[Site "Castelvecchio Pascoli - Barga"]
[Date "1974.10.13"]
[Round "12"]
[White "Micheli, Carlo"]
[Black "Toth, Bela"]
[Result "0-1"]
[WhiteElo "2320"]
[BlackElo "2385"]
[Annotator "Gabriele Ballarin"]
[PlyCount "130"]
[EventDate "1974.10.01"]
[EventType "tourn"]
[EventRounds "13"]
[EventCountry "ITA"]
[EventCategory "3"]

1. e4 e5 2. Nf3 Nc6 3. Bb5 a6 4. Ba4 Nf6 5. O-O Be7 6. Re1 b5 7. Bb3 d6 8. c3 O-O 9. h3 Na5 10. Bc2 c5 11. d4 Qc7 12. Nbd2 cxd4 13. cxd4 Bb7 14. Nf1 Rac8 15. Bb1 Rfe8 16. d5 Nc4 17. a4 Ra8 18. Ng3 bxa4 19. Rxa4 Nb6 20. Ra3 Reb8 21. Nf5 Bf8 22. Bg5 Nbd7 23. Qd2 Bc8 24. b4 g6 25. Bh6 Qd8 26. Bxf8 Nxf8 27. Ne3 Bd7 28. Nc4 Bb5 29. Na5 Rc8 30. Ree3 Kg7 31. Ne1 Qb6 32. Bd3 N8d7 33. Rc3 Bxd3 34. Rcxd3 Rc7 35. Nc2 Rac8 36. Na3 Nb8 37. Kh2 Nh5 38. Qb2 Nf6 39. Qb3 Ne8 40. N5c4 Qb7 41. Rf3 f5 42. Rd2 fxe4 43. Re3 Rf7 44. Rxe4 Nd7 45. Na5 Qb6 46. N3c4 Qb5 47. Re3 Ndf6 48. Na3 Qf1 49. Nc2 Qc1 50. Ree2 Ne4 51. Qd3 Nxd2 52. Rxd2 Qb1 53. Nc6 Nc7 54. f3 Nb5 55. Rd1 Qb2 56. Ne3 Qc3 57. Nc4 Qxd3 58. Rxd3 Rfc7 59. N4a5 Na7 60. Nxa7 Rxa7 61. Ra3 Rac7 62. Ra4 Rb8 63. g4 Rc2+ 64. Kg3 Rc3 65. Nc6 Rf8 0-1

[Event "35.C.to Italiano"]
[Site "Castelvecchio Pascoli - Barga"]
[Date "1974.10.13"]
[Round "12"]
[White "Primavera, Roberto"]
[Black "Mariotti, Sergio"]
[Result "1/2-1/2"]
[WhiteElo "2280"]
[BlackElo "2465"]
[Annotator "Gabriele Ballarin"]
[PlyCount "47"]
[EventDate "1974.10.01"]
[EventType "tourn"]
[EventRounds "13"]
[EventCountry "ITA"]
[EventCategory "3"]

1. e4 e6 2. d4 d5 3. Nc3 Nf6 4. Bd3 dxe4 5. Nxe4 Nbd7 6. Nf3 Be7 7. O-O b6 8. Qe2 Bb7 9. c3 O-O 10. h3 Nxe4 11. Bxe4 Bxe4 12. Qxe4 Nf6 13. Qe2 c5 14. dxc5 Bxc5 15. Be3 Bxe3 16. Qxe3 Qc7 17. Rfd1 Rfd8 18. Qe2 Kf8 19. Rxd8+ Rxd8 20. Rd1 Rxd1+ 21. Qxd1 Qd7 22. Qxd7 Nxd7 23. Nd4 a6 24. Kf1 1/2-1/2

[Event "35.C.to Italiano"]
[Site "Castelvecchio Pascoli - Barga"]
[Date "1974.10.13"]
[Round "12"]
[White "Rosino, Antonio"]
[Black "Zichichi, Alvise"]
[Result "1/2-1/2"]
[WhiteElo "2200"]
[BlackElo "2355"]
[Annotator "Gabriele Ballarin"]
[PlyCount "51"]
[EventDate "1974.10.01"]
[EventType "tourn"]
[EventRounds "13"]
[EventCountry "ITA"]
[EventCategory "3"]

1. e4 c5 2. Nf3 e6 3. d4 cxd4 4. Nxd4 a6 5. Bd3 Bc5 6. c3 Nc6 7. Nxc6 dxc6 8. e5 Qd5 9. Qe2 Qxg2 10. Be4 Qh3 11. Bf4 Ne7 12. Nd2 Nd5 13. Bg3 Bd7 14. O-O-O b5 15. Nb3 Bb6 16. f4 Qh6 17. Qf3 g6 18. Kb1 a5 19. Rd2 Rc8 20. Re1 Qh3 21. Nd4 h5 22. Qd3 Bxd4 23. cxd4 h4 24. Bg2 Qg4 25. Bf3 Qf5 26. Be4 1/2-1/2

[Event "35.C.to Italiano"]
[Site "Castelvecchio Pascoli - Barga"]
[Date "1974.10.13"]
[Round "12"]
[White "Tatai, Stefano"]
[Black "Nestler, Vincenzo"]
[Result "1-0"]
[WhiteElo "2430"]
[BlackElo "2220"]
[Annotator "Gabriele Ballarin"]
[PlyCount "93"]
[EventDate "1974.10.01"]
[EventType "tourn"]
[EventRounds "13"]
[EventCountry "ITA"]
[EventCategory "3"]

1. e4 c5 2. Nf3 e6 3. d4 cxd4 4. Nxd4 Nf6 5. Nc3 d6 6. Be2 a6 7. f4 Nbd7 8. Bf3 Qc7 9. O-O Be7 10. Kh1 O-O 11. a4 Nb8 12. Be3 e5 13. Nb3 Be6 14. f5 Bc4 15. Be2 Re8 16. a5 Nbd7 17. Bxc4 Qxc4 18. Ra4 Qc6 19. Qf3 Nf8 20. Nd2 Qd7 21. Nc4 Bd8 22. Rd1 d5 23. exd5 e4 24. Qh3 Rc8 25. Rb4 h6 26. Na4 Rxc4 27. Rxc4 Qb5 28. b3 Nxd5 29. Rc5 Nxe3 30. Qxe3 Qb4 31. Rc4 Qxa5 32. Rxe4 Bg5 33. Qe1 Qxe1+ 34. Rexe1 Rc8 35. Re2 Nh7 36. g3 Nf6 37. h4 Nh5 38. Kh2 Bf6 39. Nb6 Rc3 40. Rd3 Rxd3 41. cxd3 Bd4 42. Nd5 Kf8 43. Kg2 g6 44. Re4 Bc5 45. f6 g5 46. hxg5 hxg5 47. Rc4 1-0

[Event "35.C.to Italiano"]
[Site "Castelvecchio Pascoli - Barga"]
[Date "1974.10.14"]
[Round "13"]
[White "Mariotti, Sergio"]
[Black "Primavera, Giuseppe"]
[Result "1/2-1/2"]
[WhiteElo "2465"]
[BlackElo "2250"]
[Annotator "Gabriele Ballarin"]
[PlyCount "30"]
[EventDate "1974.10.01"]
[EventType "tourn"]
[EventRounds "13"]
[EventCountry "ITA"]
[EventCategory "3"]

1. d4 Nf6 2. c4 e6 3. Nc3 Bb4 4. e3 b6 5. Nf3 Bb7 6. Bd3 Ne4 7. O-O Bxc3 8. bxc3 Nxc3 9. Qc2 Bxf3 10. gxf3 Qg5+ 11. Kh1 Qh5 12. Rg1 Qxf3+ 13. Rg2 f5 14. Qxc3 Qd1+ 15. Rg1 Qf3+ 1/2-1/2

[Event "35.C.to Italiano"]
[Site "Castelvecchio Pascoli - Barga"]
[Date "1974.10.14"]
[Round "13"]
[White "Nestler, Vincenzo"]
[Black "Rosino, Antonio"]
[Result "0-1"]
[WhiteElo "2220"]
[BlackElo "2200"]
[Annotator "Gabriele Ballarin"]
[PlyCount "106"]
[EventDate "1974.10.01"]
[EventType "tourn"]
[EventRounds "13"]
[EventCountry "ITA"]
[EventCategory "3"]

1. Nf3 Nf6 2. d4 g6 3. Nbd2 d5 4. e3 Bg7 5. c4 c5 6. dxc5 O-O 7. cxd5 Qxd5 8. Bc4 Qxc5 9. O-O Nc6 10. a3 Bg4 11. b4 Qh5 12. Bb2 e5 13. Qb3 e4 14. Nd4 Ne5 15. f3 exf3 16. gxf3 Bh3 17. Rf2 Rad8 18. Bf1 Nd5 19. Ne4 Rfe8 20. Ng3 Qh4 21. Rd1 h5 22. Bb5 Rf8 23. Bc1 Qe7 24. Be2 Kh7 25. Kh1 Nf6 26. Bf1 Bc8 27. e4 b6 28. Bg5 Bb7 29. Bg2 Nc6 30. Nxc6 Rxd1+ 31. Qxd1 Bxc6 32. Rd2 Qe5 33. Be3 h4 34. Ne2 h3 35. Bxh3 Nxe4 36. Rc2 Ba8 37. Nd4 Ng3+ 38. hxg3 Qxe3 39. Rh2 Kg8 40. Nc2 Bxf3+ 41. Bg2 Bxd1 42. Nxe3 Rd8 43. Rh4 Bb3 44. Re4 Rd7 45. Re8+ Bf8 46. Ng4 Kg7 47. Kh2 Bd6 48. Re3 Be6 49. Nf2 Bf8 50. Ne4 Bf5 51. Rc3 Rd4 52. Re3 Be6 53. Nc3 Bc4 0-1

[Event "35.C.to Italiano"]
[Site "Castelvecchio Pascoli - Barga"]
[Date "1974.10.14"]
[Round "13"]
[White "Paoli, Enrico"]
[Black "Micheli, Carlo"]
[Result "0-1"]
[WhiteElo "2280"]
[BlackElo "2320"]
[Annotator "Gabriele Ballarin"]
[PlyCount "82"]
[EventDate "1974.10.01"]
[EventType "tourn"]
[EventRounds "13"]
[EventCountry "ITA"]
[EventCategory "3"]

1. e4 c6 2. d4 g6 3. c4 d5 4. exd5 cxd5 5. cxd5 Nf6 6. Bb5+ Nbd7 7. Nc3 Bg7 8. Nge2 O-O 9. Qb3 a6 10. Bxd7 Qxd7 11. O-O b5 12. a4 bxa4 13. Rxa4 Bb7 14. Ra5 Rfd8 15. Nf4 Rab8 16. Qa2 Ne8 17. Be3 Nc7 18. Rc5 Ba8 19. Qc4 Nb5 20. h3 Nd6 21. Qa2 Nf5 22. Rd1 Rb6 23. Rd2 Qb7 24. Na4 Rb3 25. Rc3 Rb5 26. Nc5 Qb6 27. Ra3 a5 28. b4 g5 29. bxa5 Rb1+ 30. Kh2 Qb8 31. d6 Rxd6 32. Nh5 Rh6+ 33. Ng3 Nxg3 34. fxg3 Rxh3+ 35. Kxh3 Rh1+ 36. Kg4 h5+ 37. Kf5 Qd6 38. Bxg5 Bd5 39. Bxe7 Qg6+ 40. Kf4 Re1 41. Re2 Qg4+ 0-1

[Event "35.C.to Italiano"]
[Site "Castelvecchio Pascoli - Barga"]
[Date "1974.10.14"]
[Round "13"]
[White "Toth, Bela"]
[Black "Contedini, Ennio"]
[Result "1/2-1/2"]
[WhiteElo "2385"]
[BlackElo "2270"]
[Annotator "Gabriele Ballarin"]
[PlyCount "38"]
[EventDate "1974.10.01"]
[EventType "tourn"]
[EventRounds "13"]
[EventCountry "ITA"]
[EventCategory "3"]

1. d4 Nf6 2. c4 c5 3. d5 e5 4. Nc3 d6 5. e4 g6 6. Nf3 Nbd7 7. Be2 Bg7 8. Bg5 h6 9. Bh4 g5 10. Bg3 Nh5 11. O-O Nf4 12. Ne1 h5 13. f3 h4 14. Bf2 Nf8 15. Nc2 Bd7 16. Rb1 N8g6 17. Qd2 Qc8 18. Ne3 Nxe2+ 19. Qxe2 Nf4 1/2-1/2

[Event "35.C.to Italiano"]
[Site "Castelvecchio Pascoli - Barga"]
[Date "1974.10.14"]
[Round "13"]
[White "Zichichi, Alvise"]
[Black "Primavera, Roberto"]
[Result "1/2-1/2"]
[WhiteElo "2355"]
[BlackElo "2280"]
[Annotator "Gabriele Ballarin"]
[PlyCount "39"]
[EventDate "1974.10.01"]
[EventType "tourn"]
[EventRounds "13"]
[EventCountry "ITA"]
[EventCategory "3"]

1. e4 c5 2. Nf3 d6 3. d4 cxd4 4. Nxd4 Nf6 5. Nc3 a6 6. Bg5 e6 7. f4 Be7 8. Qf3 Qc7 9. O-O-O Nbd7 10. Bd3 b5 11. Rhe1 Bb7 12. Qg3 O-O-O 13. Bxf6 Nxf6 14. Qxg7 Rdf8 15. Qg3 Rhg8 16. Qf2 Nd7 17. Kb1 b4 18. Na4 Nc5 19. Nxc5 dxc5 20. Nf3 1/2-1/2

[Event "37.Campionato Italiano"]
[Site "Castelvecchio Pascoli"]
[Date "1976.11.14"]
[Round "1"]
[White "Bonfa, Ileano"]
[Black "Tatai, Stefano"]
[Result "1/2-1/2"]
[WhiteElo "2240"]
[BlackElo "2465"]
[Annotator "Porreca"]
[PlyCount "65"]
[EventDate "1976.11.14"]
[EventType "tourn"]
[EventCountry "ITA"]

1. e4 c5 2. Nf3 d6 3. d4 Nf6 4. Nc3 cxd4 5. Nxd4 a6 6. Bg5 e6 7. f4 Qb6 8. Qd2 Qxb2 9. Rb1 Qa3 10. f5 Nc6 11. fxe6 fxe6 12. Nxc6 bxc6 13. e5 dxe5 14. Bxf6 gxf6 15. Be2 Qd6 16. Bh5+ Ke7 17. Qc1 Qd4 18. Ne2 Qc5 19. Rb3 e4 20. Ng3 Rg8 21. Qf4 Rg5 22. Qh4 Qa5+ 23. c3 Qxa2 24. O-O Qxb3 25. Rxf6 Kxf6 26. Nxe4+ Ke5 (26... Ke7) 27. Qxg5+ Kxe4 28. Qg4+ Ke5 (28... Kd3 29. Qd4+ Kc2 30. Bd1+) 29. Qd4+ Kf5 30. g4+ Kg5 31. Qe5+ Kh4 32. Qg3+ Kg5 33. Qe5+ 1/2-1/2

[Event "37.Campionato Italiano"]
[Site "Castelvecchio Pascoli"]
[Date "1976.11.14"]
[Round "1"]
[White "Cosulich, Roberto"]
[Black "Magrin, Antonio"]
[Result "1-0"]
[WhiteElo "2425"]
[BlackElo "2240"]
[Annotator "Gabriele Ballarin"]
[PlyCount "57"]
[EventDate "1976.11.14"]
[EventType "tourn"]
[EventCountry "ITA"]

1. d4 g6 2. e4 Bg7 3. Nf3 d6 4. Bc4 Nf6 5. Qe2 O-O 6. O-O c6 7. Bb3 Qc7 8. e5 Nd5 9. c4 Nb4 10. a3 N4a6 11. Bf4 Qd7 12. exd6 exd6 13. Re1 d5 14. cxd5 cxd5 15. Nc3 Nc6 16. Nxd5 Qg4 17. Bd6 Bd7 18. h3 Qh5 19. Nf4 Qh6 20. Bxf8 Rxf8 21. Qd2 b6 22. Rad1 Nc7 23. d5 Na5 24. Ba2 Bxb2 25. Qxb2 Qxf4 26. Re7 Qd6 27. Qe5 Qxe5 28. Nxe5 Ba4 29. Rd4 1-0

[Event "37.Campionato Italiano"]
[Site "Castelvecchio Pascoli"]
[Date "1976.11.14"]
[Round "1"]
[White "Nestler, Vincenzo"]
[Black "Paoli, Enrico"]
[Result "0-1"]
[WhiteElo "2240"]
[BlackElo "2265"]
[Annotator "Gabriele Ballarin"]
[PlyCount "68"]
[EventDate "1976.11.14"]
[EventType "tourn"]
[EventCountry "ITA"]

1. d4 d5 2. Nf3 Nf6 3. g3 e6 4. Bg2 Be7 5. O-O O-O 6. b3 Nbd7 7. Bb2 c6 8. Nbd2 b6 9. c4 Bb7 10. Rc1 Rc8 11. cxd5 exd5 12. Nh4 Re8 13. Rc2 Bf8 14. Ndf3 g6 15. Bh3 Rc7 16. Bc1 Nh5 17. g4 Ng7 18. Bf4 Rc8 19. Qc1 Re4 20. Bg5 Qe8 21. Be3 f6 22. Ng2 Ne6 23. Qb2 c5 24. Rfc1 Bd6 25. Nd2 Rxd4 26. Ne1 Be5 27. Qa3 Rxd2 28. Rxd2 d4 29. Bh6 Bf4 30. Bxf4 Nxf4 31. Bf1 Qe4 32. Nf3 Ne5 33. h3 Nxe2+ 34. Rxe2 Qxf3 0-1

[Event "37.Campionato Italiano"]
[Site "Castelvecchio Pascoli"]
[Date "1976.11.14"]
[Round "1"]
[White "Passerotti, Pierluigi"]
[Black "Cappello, Renato"]
[Result "0-1"]
[WhiteElo "2320"]
[BlackElo "2310"]
[Annotator "Gabriele Ballarin"]
[PlyCount "82"]
[EventDate "1976.11.14"]
[EventType "tourn"]
[EventCountry "ITA"]

1. e4 c5 2. Nf3 Nc6 3. d4 cxd4 4. Nxd4 Nf6 5. Nc3 d6 6. Bg5 e6 7. Qd2 Be7 8. O-O-O Nxd4 9. Qxd4 O-O 10. f4 Qa5 11. Bc4 Bd7 12. e5 dxe5 13. fxe5 Bc6 14. Rhe1 Nd5 15. Ne4 Rad8 16. Bd2 Qa4 17. Nc3 Nxc3 18. Qxc3 Rxd2 19. Rxd2 Bg5 20. Ree2 Rc8 21. Qd3 Qa5 22. c3 Rd8 23. Qg3 Bh6 24. Qe1 Qc5 25. Bb3 Rxd2 26. Rxd2 Bxg2 27. Kd1 Bf3+ 28. Kc2 Bxd2 29. Kxd2 h6 30. Qg3 Be4 31. Qh4 Qxe5 32. Qf2 Qg5+ 33. Kd1 b6 34. Bc4 Bg6 35. b4 Qg4+ 36. Be2 Qe4 37. Qg3 Qb1+ 38. Kd2 Qxa2+ 39. Ke1 Qb1+ 40. Kf2 Qf5+ 41. Ke1 e5 0-1

[Event "37.Campionato Italiano"]
[Site "Castelvecchio Pascoli"]
[Date "1976.11.14"]
[Round "1"]
[White "Primavera, Giuseppe"]
[Black "Toth, Bela"]
[Result "0-1"]
[WhiteElo "2215"]
[BlackElo "2405"]
[Annotator "Gabriele Ballarin"]
[PlyCount "94"]
[EventDate "1976.11.14"]
[EventType "tourn"]
[EventCountry "ITA"]

1. d4 Nf6 2. c4 e6 3. Nc3 Bb4 4. e3 b6 5. Bd3 Bb7 6. f3 c5 7. Nge2 cxd4 8. exd4 O-O 9. O-O d5 10. a3 Be7 11. cxd5 Nxd5 12. Nxd5 Qxd5 13. Be4 Qd7 14. Bxb7 Qxb7 15. Bf4 Rd8 16. Qc2 Nc6 17. Qe4 Rd5 18. Rad1 Rad8 19. Be3 Bf6 20. Rd2 R5d7 21. Rfd1 Ne7 22. g4 Nd5 23. Bf2 h6 24. h4 b5 25. Nc3 Nxc3 26. Qxb7 Rxb7 27. bxc3 Rc8 28. Rd3 Rc4 29. Rb1 a6 30. Be1 Be7 31. Ra1 Ra4 32. Rd2 Rd7 33. Rda2 Rd5 34. Kg2 h5 35. g5 Kh7 36. f4 Kg6 37. Kf3 Kf5 38. Bd2 Rd7 39. Bc1 Rc7 40. Bd2 Bd6 41. Re1 Rxa3 42. Rxa3 Bxa3 43. Ra1 Bb2 44. Rxa6 Bxc3 45. Be3 Rb7 46. Rc6 b4 47. Rc5+ Kg6 0-1

[Event "37.Campionato Italiano"]
[Site "Castelvecchio Pascoli"]
[Date "1976.11.15"]
[Round "2"]
[White "Cappello, Renato"]
[Black "Primavera, Giuseppe"]
[Result "1-0"]
[WhiteElo "2310"]
[BlackElo "2215"]
[Annotator "Gabriele Ballarin"]
[PlyCount "57"]
[EventDate "1976.11.14"]
[EventType "tourn"]
[EventCountry "ITA"]

1. d4 Nf6 2. Bg5 Ne4 3. Bh4 d5 4. f3 g5 5. fxe4 gxh4 6. exd5 Qxd5 7. Nc3 Qa5 8. e4 Bg7 9. Nf3 c5 10. Qd2 cxd4 11. Nxd4 Nc6 12. Bb5 Bd7 13. Nde2 O-O-O 14. O-O Rhg8 15. Qe3 Be6 16. Bxc6 bxc6 17. Kh1 Be5 18. Nf4 Bd4 19. Qe2 h3 20. g3 Bd7 21. Qc4 e5 22. Nh5 f5 23. Nf6 Rgf8 24. Nxd7 Kxd7 25. Rad1 fxe4 26. b4 Qb6 27. Nxe4 Kc8 28. Qe6+ Kb8 29. Rxf8 1-0

[Event "37.Campionato Italiano"]
[Site "Castelvecchio Pascoli"]
[Date "1976.11.15"]
[Round "2"]
[White "Giustolisi, Alberto Mario"]
[Black "Passerotti, Pierluigi"]
[Result "0-1"]
[WhiteElo "2270"]
[BlackElo "2320"]
[Annotator "Gabriele Ballarin"]
[PlyCount "78"]
[EventDate "1976.11.14"]
[EventType "tourn"]
[EventCountry "ITA"]

1. e4 c5 2. Nf3 d6 3. Bb5+ Nd7 4. c3 a6 5. Ba4 Ngf6 6. Qe2 b5 7. Bc2 Bb7 8. O-O e5 9. d4 cxd4 10. cxd4 Be7 11. Rd1 Qc7 12. a3 O-O 13. Nc3 Nb6 14. Bb3 Rac8 15. Bg5 Qb8 16. Nh4 g6 17. Qf3 Kg7 18. Qh3 Ng8 19. Bxe7 Nxe7 20. Nf3 Nc4 21. Bxc4 Rxc4 22. dxe5 dxe5 23. Ng5 h6 24. Rd7 Rc7 25. Rxc7 Qxc7 26. Nf3 Rd8 27. Qg3 f6 28. h4 h5 29. Re1 Rd3 30. Re2 Qd6 31. Rc2 Bc6 32. Kf1 a5 33. a4 bxa4 34. Ke2 a3 35. bxa3 Bd7 36. a4 Qa6 37. Ke1 Qe6 38. Ke2 Qa6 39. Ke1 Qc8 0-1

[Event "37.Campionato Italiano"]
[Site "Castelvecchio Pascoli"]
[Date "1976.11.15"]
[Round "2"]
[White "Magrin, Antonio"]
[Black "Bonfa, Ileano"]
[Result "1/2-1/2"]
[WhiteElo "2240"]
[BlackElo "2240"]
[Annotator "Gabriele Ballarin"]
[PlyCount "42"]
[EventDate "1976.11.14"]
[EventType "tourn"]
[EventCountry "ITA"]

1. d4 Nf6 2. c4 g6 3. Nc3 d5 4. e3 Bg7 5. Nf3 O-O 6. Qb3 e6 7. Bd2 b6 8. cxd5 exd5 9. Rd1 Be6 10. Qa3 Re8 11. b4 Qe7 12. Qb3 c5 13. b5 Nbd7 14. Be2 Ne4 15. O-O c4 16. Qb2 Nd6 17. Rfe1 a6 18. a4 Ra7 19. Ra1 Rea8 20. bxa6 Rxa6 21. Nb5 Nxb5 1/2-1/2

[Event "37.Campionato Italiano"]
[Site "Castelvecchio Pascoli"]
[Date "1976.11.15"]
[Round "2"]
[White "Paoli, Enrico"]
[Black "Zichichi, Alvise"]
[Result "0-1"]
[WhiteElo "2265"]
[BlackElo "2320"]
[Annotator "Gabriele Ballarin"]
[PlyCount "84"]
[EventDate "1976.11.14"]
[EventType "tourn"]
[EventCountry "ITA"]

1. e4 c5 2. Nf3 e6 3. d4 cxd4 4. Nxd4 Nc6 5. Nc3 a6 6. Be2 Qc7 7. Be3 Nf6 8. f4 Bb4 9. Qd3 d5 10. e5 Ne4 11. Bf3 Nc5 12. Qd1 Na4 13. Nde2 Nxb2 14. Qc1 Na4 15. Bd2 Nxc3 16. Nxc3 Nd4 17. Qb2 Qc5 18. Bd1 Bd7 19. Rb1 Ba5 20. Ne2 Bxd2+ 21. Kxd2 Nxe2 22. Bxe2 Rc8 23. Rhf1 O-O 24. Bd3 Ba4 25. Qb4 Qc6 26. Rb2 d4 27. Qxb7 Qc3+ 28. Ke2 Bb5 29. Rxb5 axb5 30. Qxb5 Rb8 31. Qc4 Qb2 32. Qc6 Qxa2 33. Qe4 g6 34. h4 Rfc8 35. h5 Rb2 36. hxg6 hxg6 37. Qxd4 Rbxc2+ 38. Bxc2 Qxc2+ 39. Qd2 Qe4+ 40. Kd1 Rb8 41. Qd6 Rb1+ 42. Kd2 Rb2+ 0-1

[Event "37.Campionato Italiano"]
[Site "Castelvecchio Pascoli"]
[Date "1976.11.15"]
[Round "2"]
[White "Tatai, Stefano"]
[Black "Nestler, Vincenzo"]
[Result "1-0"]
[WhiteElo "2465"]
[BlackElo "2240"]
[Annotator "Gabriele Ballarin"]
[PlyCount "65"]
[EventDate "1976.11.14"]
[EventType "tourn"]
[EventCountry "ITA"]

1. e4 c5 2. Nf3 e6 3. d4 cxd4 4. Nxd4 Nf6 5. Nc3 d6 6. g4 a6 7. g5 Nfd7 8. Bg2 Qc7 9. f4 Nc6 10. Be3 Nb6 11. Qe2 Nxd4 12. Bxd4 Bd7 13. O-O-O Na4 14. h4 Nxc3 15. Bxc3 Bb5 16. Qd2 a5 17. h5 Rg8 18. Kb1 Bd7 19. g6 fxg6 20. hxg6 hxg6 21. e5 d5 22. Bxd5 Bb4 23. Bxb4 axb4 24. Bb3 O-O-O 25. Qxb4 Rgf8 26. Rd6 Bc6 27. Bxe6+ Kb8 28. Rhd1 Rde8 29. b3 Rh8 30. Bd7 Bxd7 31. Rxd7 Qc6 32. R1d6 Qc8 33. Qd4 1-0

[Event "37.Campionato Italiano"]
[Site "Castelvecchio Pascoli"]
[Date "1976.11.16"]
[Round "3"]
[White "Bonfa, Ileano"]
[Black "Toth, Bela"]
[Result "0-1"]
[WhiteElo "2240"]
[BlackElo "2405"]
[Annotator "Gabriele Ballarin"]
[PlyCount "50"]
[EventDate "1976.11.14"]
[EventType "tourn"]
[EventCountry "ITA"]

1. e4 e5 2. d4 exd4 3. Nf3 Nc6 4. Bc4 Nf6 5. O-O Nxe4 6. Re1 d5 7. Bxd5 Qxd5 8. Nc3 Qa5 9. Nxe4 Be6 10. Bd2 Bb4 11. c3 dxc3 12. bxc3 Be7 13. Bg5 Rd8 14. Qc2 h6 15. Bxe7 Nxe7 16. Nd4 O-O 17. Rab1 b6 18. a4 Qd5 19. a5 Qxa5 20. Rb5 Qa2 21. Qc1 c5 22. Rb2 Qd5 23. Nb5 Rd7 24. Qf4 Qf5 25. Qg3 Qxe4 0-1

[Event "37.Campionato Italiano"]
[Site "Castelvecchio Pascoli"]
[Date "1976.11.16"]
[Round "3"]
[White "Cosulich, Roberto"]
[Black "Cappello, Renato"]
[Result "1-0"]
[WhiteElo "2425"]
[BlackElo "2310"]
[Annotator "Gabriele Ballarin"]
[PlyCount "45"]
[EventDate "1976.11.14"]
[EventType "tourn"]
[EventCountry "ITA"]

1. e4 e6 2. d3 c5 3. g3 Nc6 4. Bg2 Nf6 5. f4 d6 6. Nf3 Be7 7. O-O O-O 8. Kh1 Rb8 9. Be3 b5 10. Nbd2 Bb7 11. h3 d5 12. e5 Nd7 13. Bg1 f6 14. exf6 Bxf6 15. d4 cxd4 16. Nb3 d3 17. Qxd3 Re8 18. Nfd4 a6 19. Rae1 Nxd4 20. Bxd4 e5 21. fxe5 Nxe5 22. Qf5 Qd6 23. Nc5 1-0

[Event "37.Campionato Italiano"]
[Site "Castelvecchio Pascoli"]
[Date "1976.11.16"]
[Round "3"]
[White "Primavera, Giuseppe"]
[Black "Giustolisi, Alberto Mario"]
[Result "0-1"]
[WhiteElo "2215"]
[BlackElo "2270"]
[Annotator "Gabriele Ballarin"]
[PlyCount "66"]
[EventDate "1976.11.14"]
[EventType "tourn"]
[EventCountry "ITA"]

1. Nf3 Nf6 2. c4 g6 3. Nc3 Bg7 4. d4 d6 5. e4 O-O 6. Be2 e5 7. O-O Nc6 8. d5 Ne7 9. Ne1 Nd7 10. Bg5 h6 11. Bh4 g5 12. Bg3 f5 13. exf5 Nxf5 14. Nc2 a5 15. Ne4 Nf6 16. Bd3 Bd7 17. f3 Nh5 18. Bf2 Nf4 19. Rc1 b6 20. b3 Qe7 21. Re1 Rf7 22. Ng3 Nh4 23. Bf1 Raf8 24. Be3 Qd8 25. Bxf4 Rxf4 26. Nh5 R4f7 27. Ne3 Bh8 28. Be2 Qe7 29. Bd3 g4 30. Nxg4 Bxg4 31. fxg4 Nxg2 32. Bf5 Nxe1 33. Be6 Qxe6 0-1

[Event "37.Campionato Italiano"]
[Site "Castelvecchio Pascoli"]
[Date "1976.11.17"]
[Round "4"]
[White "Cappello, Renato"]
[Black "Bonfa, Ileano"]
[Result "1/2-1/2"]
[WhiteElo "2310"]
[BlackElo "2240"]
[Annotator "Gabriele Ballarin"]
[PlyCount "38"]
[EventDate "1976.11.14"]
[EventType "tourn"]
[EventCountry "ITA"]

1. e4 c5 2. Nf3 d6 3. d4 cxd4 4. Nxd4 Nf6 5. Nc3 Nc6 6. Bg5 e6 7. Qd2 Be7 8. O-O-O O-O 9. f4 Nxd4 10. Qxd4 Qa5 11. e5 dxe5 12. Qxe5 Qxe5 13. fxe5 Nd5 14. Bxe7 Nxe7 15. Bd3 b6 16. Be4 Rb8 17. Rhe1 Bb7 18. Rd7 Bxe4 19. Rxe7 Rb7 1/2-1/2

[Event "37.Campionato Italiano"]
[Site "Castelvecchio Pascoli"]
[Date "1976.11.17"]
[Round "4"]
[White "Magrin, Antonio"]
[Black "Zichichi, Alvise"]
[Result "1/2-1/2"]
[WhiteElo "2240"]
[BlackElo "2320"]
[Annotator "Gabriele Ballarin"]
[PlyCount "127"]
[EventDate "1976.11.14"]
[EventType "tourn"]
[EventCountry "ITA"]

1. d4 d5 2. Nf3 Nf6 3. g3 g6 4. Bg2 Bg7 5. c3 O-O 6. O-O b6 7. Nbd2 Bb7 8. e4 dxe4 9. Ng5 Nbd7 10. Ngxe4 Qc8 11. Nxf6+ Nxf6 12. Bxb7 Qxb7 13. Qf3 c6 14. Re1 Qd7 15. Ne4 Qd5 16. Nxf6+ Bxf6 17. Qxd5 cxd5 18. Bf4 Rfc8 19. g4 e6 20. Rad1 Rc6 21. Rd3 Rac8 22. Kg2 b5 23. a3 a5 24. Bd2 Be7 25. Rh1 b4 26. axb4 axb4 27. cxb4 Rb6 28. Rc3 Rcb8 29. Rhc1 Bxb4 30. Rc8+ Kg7 31. Rxb8 Rxb8 32. Bc3 Bxc3 33. bxc3 Kf6 34. Re1 Rb2 35. Kg3 Rd2 36. Re3 Rd1 37. Rf3+ Ke7 38. g5 Rg1+ 39. Kf4 Rg2 40. h4 Rg1 41. Rh3 Rc1 42. Re3 Kf8 43. Kg3 Kg7 44. Rf3 Rg1+ 45. Kh2 Ra1 46. Kg2 Ra7 47. Kg3 h5 48. Kf4 Kf8 49. Ke3 Ra1 50. Kd3 Ke7 51. Rf4 Ra7 52. Rf6 Kd6 53. Kc2 Rb7 54. Kc1 Ke7 55. Kc2 Kd8 56. Kc1 Kc8 57. Kc2 Kb8 58. Rf3 Ka7 59. Re3 Ka6 60. Re1 Re7 61. Kd3 Kb5 62. Re3 Ra7 63. Rf3 Rb7 64. Rf6 1/2-1/2

[Event "37.Campionato Italiano"]
[Site "Castelvecchio Pascoli"]
[Date "1976.11.17"]
[Round "4"]
[White "Passerotti, Pierluigi"]
[Black "Primavera, Giuseppe"]
[Result "1-0"]
[WhiteElo "2320"]
[BlackElo "2215"]
[Annotator "Gabriele Ballarin"]
[PlyCount "41"]
[EventDate "1976.11.14"]
[EventType "tourn"]
[EventCountry "ITA"]

1. e4 g6 2. d4 Bg7 3. Nf3 d6 4. Nc3 Nf6 5. Bc4 c6 6. Qe2 d5 7. Bb3 O-O 8. Bg5 Nxe4 9. Nxe4 dxe4 10. Qxe4 Bf5 11. Qh4 Re8 12. O-O-O Nd7 13. Rhe1 Nf6 14. Ne5 Nd5 15. g4 Be6 16. Rd3 f6 17. Rh3 h5 18. Nxg6 Bxg4 19. Bd2 Bxh3 20. Qxh3 Qd6 21. c4 1-0